| 000 | 00381nam a2200169Ia 4500 | ||
|---|---|---|---|
| 001 | 27863 | ||
| 003 | IN-NITTTR | ||
| 005 | 20251114233346.0 | ||
| 008 | 251113s9999||||xx |||||||||||||| ||eng|| | ||
| 040 | _beng | ||
| 040 | _cIN-NITTTR | ||
| 041 | _aeng | ||
| 082 | _a891.431 S23A | ||
| 100 | _aSharma, Anil | ||
| 245 | 0 |
_aAteet mein laotye huye / _cSharma, Anil |
|
| 942 |
_2ddc _cBK |
||
| 999 |
_c30491 _d30491 |
||